| Tag |
First Indicator |
Second Indicator |
Subfields |
| LEADER |
00000cam a22000004a 4500 |
| 001 |
in00001713849 |
| 005 |
20151024190100.0 |
| 008 |
020416s2003 txua b s001 0 eng |
| 010 |
|
|
|a 2002005961
|
| 020 |
|
|
|a 1585442119 (cloth : alk. paper)
|
| 035 |
|
|
|a (OCoLC)ocm49664265
|
| 040 |
|
|
|a DLC
|c DLC
|d TXA
|d UtOrBLW
|
| 042 |
|
|
|a pcc
|
| 043 |
|
|
|a n-us---
|
| 049 |
|
|
|a TXAM
|
| 050 |
0 |
0 |
|a JK2261
|b .C696 2003
|
| 082 |
0 |
0 |
|a 973.92
|2 21
|
| 100 |
1 |
|
|a Conley, Richard Steven.
|
| 245 |
1 |
4 |
|a The presidency, Congress, and divided government :
|b a postwar assessment /
|c Richard S. Conley.
|
| 250 |
|
|
|a 1st ed.
|
| 264 |
|
1 |
|a College Station :
|b Texas A&M University Press,
|c [2003]
|
| 264 |
|
4 |
|c ©2003
|
| 300 |
|
|
|a xv, 279 pages :
|b illustrations ;
|c 24 cm.
|
| 336 |
|
|
|a text
|b txt
|2 rdacontent
|
| 337 |
|
|
|a unmediated
|b n
|2 rdamedia
|
| 338 |
|
|
|a volume
|b nc
|2 rdacarrier
|
| 490 |
1 |
|
|a Joseph V. Hughes, Jr. and Holly O. Hughes series in the presidency and leadership studies ;
|v no. 12
|
| 504 |
|
|
|a Includes bibliographical references (pages 259-273) and index.
|
| 650 |
|
0 |
|a Political parties
|z United States.
|
| 650 |
|
0 |
|a Divided government
|z United States.
|
| 651 |
|
0 |
|a United States
|x Politics and government
|y 1945-1989.
|
| 651 |
|
0 |
|a United States
|x Politics and government
|y 1989-
|
| 830 |
|
0 |
|a Joseph V. Hughes, Jr., and Holly O. Hughes series in the presidency and leadership studies ;
|v no. 12.
|
| 948 |
|
|
|a cataloged
|b h
|c 2003/1/7
|d c
|e dmitchel
|f 8:06:14 am
|
| 994 |
|
|
|a E0
|b TXA
|
| 999 |
|
|
|a MARS
|
| 999 |
f |
f |
|s 75f264b1-acf4-3558-8285-def79cd3140f
|i 9c4c04b5-dcda-3881-9db5-88762d6b551d
|t 0
|
| 952 |
f |
f |
|p ric
|a Texas A&M University
|b Rellis Campus
|c Joint Library Facility
|d Remote Storage
|t 0
|e JK2261 .C696 2003
|h Library of Congress classification
|i unmediated -- volume
|m A14829603505
|
| 952 |
f |
f |
|p noncirc
|a Texas A&M University
|b College Station
|c Cushing Memorial Library & Archives
|d Cushing: Texas A&M Press (Does not check out)
|t 0
|e JK2261 .C696 2003
|h Library of Congress classification
|i unmediated -- volume
|
| 998 |
f |
f |
|a JK2261 .C696 2003
|t 0
|l Cushing: Texas A&M Press (Does not check out)
|
| 998 |
f |
f |
|a JK2261 .C696 2003
|t 0
|l Remote Storage
|